000
00233nam a2200097Ia 4500
008
190216s9999||||xx |||||||||||||| ||und||
100
_a
Raman V N S
245
0
_a
Accountancy And Commerce Vol Ii
260
_b
Orient Longman
942
_c
BK
999
_c
3989
_d
3989